Некоторые аспекты профессионально направленного обучения студентов неязыковых вузов; Язык в поликультурном пространстве: теоретические и прикладные аспекты

Xehetasun bibliografikoak
Parent link:Язык в поликультурном пространстве: теоретические и прикладные аспекты.— 2001.— С. 50-53.
Egile nagusia: Гаврилов Н. А.
Hizkuntza:errusiera
Argitaratua: 2001
Gaiak:
Formatua: MixedMaterials Liburu kapitulua
KOHA link:https://koha.lib.tpu.ru/cgi-bin/koha/opac-detail.pl?biblionumber=81105

MARC

LEADER 00000naa2a2200000 4500
001 81105
005 20231031094954.0
035 |a (RuTPU)RU\TPU\book\87190 
090 |a 81105 
100 |a 20050916d2001 k y0rusy50 ca 
101 0 |a rus 
102 |a RU 
200 1 |a Некоторые аспекты профессионально направленного обучения студентов неязыковых вузов  |f Н. А. Гаврилов 
320 |a Библиогр.: 4 назв. 
463 0 |0 (RuTPU)RU\TPU\book\48314  |t  Язык в поликультурном пространстве: теоретические и прикладные аспекты  |o Материалы I Международной научно-практической конференции "Преподавание иностранных языков в поликультурном образовательном пространстве", 28-29 мая 2001 г. Томск  |f Томский политехнический университет. Институт языковой коммуникации  |v С. 50-53.  |d 2001  |p 275 с. 
610 1 |a обучение 
610 1 |a иностранные языки 
610 1 |a студенты 
610 1 |a неязыковые вузы 
610 1 |a труды учёных ТПУ 
700 1 |a Гаврилов  |b Н. А. 
801 1 |a RU  |b 63413507  |c 20050916  |g PSBO 
942 |c BK